000
00245nam a22000857a 4500
008
170603b xxu||||| |||| 00| 0 eng d
100
_9
3242
_a
Catchpole. D
245
_a
Wobbly witch and a dog named brain
260
_a
New Delhi
_b
Paragon Publication
_c
1997
999
_c
6556
_d
6556